[Event "10th La Fere Open"]
[Site "La Fere FRA"]
[Date "2011.07.07"]
[Round "7.26"]
[White "Vernadet,Cyril"]
[Black "Mestdagh,F"]
[Result "0-1"]
[WhiteElo "1649"]
[BlackElo "1948"]

1.e4 c5 2.c3 Nf6 3.e5 Nd5 4.d4 e6 5.Nf3 cxd4 6.Nxd4 Qc7 7.f4 g6 8.Bd3 d6
9.Qe2 Nd7 10.Nf3 Nb4 11.exd6 Nxd3+ 12.Qxd3 Bxd6 13.g3 b5 14.Be3 Bb7 15.Nbd2 O-O
16.Rf1 Bc5 17.O-O-O Bxe3 18.Qxe3 Nb6 19.Rfe1 b4 20.Qe5 Rac8 21.Re3 Nd5 22.c4 Nxe3
23.Qxe3 Rfd8 24.b3 Qa5 25.Kb2 Qf5 26.Kc1 Rd3 27.Qe2 Rc3+ 28.Kb2 Qc2+ 29.Ka1 Bxf3  0-1

[Event "9th Niki Open"]
[Site "Nachod CZE"]
[Date "2011.07.07"]
[Round "6.36"]
[White "Drasnar,Pavel"]
[Black "Lizner,M"]
[Result "0-1"]
[WhiteElo "1675"]
[BlackElo "2052"]

1.e4 c5 2.c3 Nf6 3.e5 Nd5 4.d4 cxd4 5.cxd4 Nc6 6.Nf3 d6 7.Bc4 dxe5 8.dxe5 Ndb4
9.Qb3 e6 10.a3 Na5 11.Bb5+ Bd7 12.Bxd7+ Qxd7 13.Qd1 Nd3+ 14.Kf1 Nxc1 15.Qxc1 Nb3  0-1

[Event "XXVI Tadeusza Gniota"]
[Site "Police POL"]
[Date "2011.07.07"]
[Round "3.8"]
[White "Hnydiuk,A"]
[Black "Jacek,K"]
[Result "1-0"]
[WhiteElo "2432"]
[BlackElo "2111"]

1.e4 c5 2.c3 Nf6 3.e5 Nd5 4.Nf3 Nc6 5.Bc4 Nb6 6.Be2 g6 7.d4 cxd4 8.cxd4 Bg7
9.Nc3 O-O 10.Bf4 d5 11.exd6 exd6 12.O-O Bg4 13.h3 Bxf3 14.Bxf3 Nxd4 15.Bxb7 Rb8
16.Ba6 Re8 17.Qd2 Nd7 18.Rfe1 Rxe1+ 19.Rxe1 Qb6 20.Bf1 Ne5 21.Kh1 Ne6 22.Be3 Qxb2
23.Rb1 Qxb1 24.Nxb1 Rxb1 25.Kg1 Rb2 26.Qd5 Bf8 27.a4 Nc7 28.Qd4 Rb1 29.Qe4 Re1
30.Qb4 Ra1 31.Qc3 Rxf1+ 32.Kxf1 Nd5 33.Qd4 Nxe3+ 34.Qxe3 Nc6 35.Qe8 Nb4 36.Qb8 a5
37.Qa8 d5 38.Qxa5 d4 39.Qd8 d3 40.a5 d2 41.Ke2  1-0

[Event "ch-BEL Open"]
[Site "Antwerp BEL"]
[Date "2011.07.08"]
[Round "7.13"]
[White "Gooris,J"]
[Black "T'sas,J"]
[Result "1/2-1/2"]
[WhiteElo "2136"]
[BlackElo "1979"]

1.e4 c5 2.c3 Nf6 3.e5 Nd5 4.Nf3 e6 5.Bc4 Nb6 6.Bb3 Nc6 7.O-O d6 8.d4 dxe5
9.dxe5 Qxd1 10.Rxd1 Be7 11.Nbd2 O-O 12.Ne4 Na5 13.Bc2 Bd7 14.Be3 Bc6 15.Nxc5 Nac4
16.Nd3 Nxe3 17.fxe3 Nc4 18.Re1 Be4 19.Re2 Rad8 20.Nd4 Bg5 21.Rae1 Bxd3 22.Bxd3 Nxe5
23.Bc2 a6 24.g3 Rd6 25.Kg2 Rfd8 26.Nf3 Nxf3 27.Kxf3 Bf6 28.Kf4 h5 29.e4 g5+
30.Kf3 Be5 31.Ke3 Kg7 32.Rf1 Rb6 33.Bb3 Rbd6 34.Bc2 Rb6 35.Bb1 a5 36.Rff2 Rbd6
37.Bc2 b6 38.Rf1 R6d7 39.Ree1 Rd2 40.Rd1 Rxd1 41.Bxd1 Kg6 42.Ba4 Rh8 43.Rf2 Rd8
44.a3 g4 45.Bc2 Rd7 46.Bd3 Rd8 47.Rc2 Rh8 48.Rf2 h4 49.Be2 hxg3 50.hxg3 Rh3
51.Bxg4 Rxg3+ 52.Bf3 f5 53.exf5+ exf5 54.Rd2 Rg5 55.Rd5 Bh2 56.c4 f4+ 57.Ke4 Rxd5
58.Kxd5 Bg1  1/2-1/2

[Event "XXXIV Open"]
[Site "Barbera del Valles ESP"]
[Date "2011.07.08"]
[Round "5"]
[White "Deshpande,Ani"]
[Black "Perpinya Rofes,L"]
[Result "0-1"]
[WhiteElo "2228"]
[BlackElo "2395"]

1.e4 c5 2.c3 Nf6 3.e5 Nd5 4.d4 cxd4 5.Nf3 Nc6 6.cxd4 d6 7.Bc4 Nb6 8.Bb5 dxe5
9.Nxe5 Bd7 10.Bxc6 Bxc6 11.Nxc6 bxc6 12.O-O g6 13.Re1 Bg7 14.Bg5 Nc8 15.Be3 O-O
16.Na3 Rb8 17.Nc4 Nb6 18.Ne5 Qd5 19.Rc1 Qxa2 20.Nxc6 Rb7 21.Bg5 e6 22.Be7 Rc8
23.Ba3 Nd5 24.Qa4 h5 25.Rc4 Nb6 26.Ne7+ Kh7 27.Qa6 Qxc4 28.Qxb7 Qe2 29.Rf1 Rc2
30.Bc5 Nc4 31.Qa8 Nd2 32.Ra1 Qc4 33.h4 Rc1+ 34.Rxc1 Qxc1+ 35.Kh2 Nf1+ 36.Kh3 Qf4
37.g3 Qxf2 38.Qg2 Qe1 39.Qg1 Qe2 40.d5 Qg4+ 41.Kg2 Nxg3  0-1

[Event "38th ch-IND w Challengers"]
[Site "Chennai IND"]
[Date "2011.07.08"]
[Round "9"]
[White "Ardra,V.H."]
[Black "Arunima,K"]
[Result "1-0"]
[WhiteElo "1787"]
[BlackElo "1867"]

1.e4 c5 2.c3 Nf6 3.e5 Nd5 4.d4 cxd4 5.Nf3 e6 6.cxd4 d6 7.Bc4 Nb6 8.Bd3 Nc6
9.Nc3 dxe5 10.dxe5 Bb4 11.O-O Nd7 12.Bf4 Bxc3 13.bxc3 Qa5 14.Qe1 h6 15.h4 g5
16.hxg5 hxg5 17.Nxg5 Ndxe5 18.Be4 Bd7 19.Bxc6 Nxc6 20.Ne4 Qh5 21.Nf6+  1-0

[Event "ch-Central Serbia Int Open A"]
[Site "Paracin SRB"]
[Date "2011.07.08"]
[Round "1.1"]
[White "Gajic,Ml"]
[Black "Damljanovic,B"]
[Result "1-0"]
[WhiteElo "2269"]
[BlackElo "2611"]

1.e4 c5 2.c3 Nf6 3.e5 Nd5 4.Bc4 Nb6 5.Bb3 c4 6.Bc2 Nc6 7.Nf3 d5 8.exd6 e5
9.Qe2 Bxd6 10.b3 cxb3 11.axb3 O-O 12.O-O f5 13.d3 Kh8 14.Na3 Qe8 15.Nb5 Bb8
16.Ba3 Rf6 17.Rfe1 Bd7 18.c4 Qh5 19.Bc5 Nc8 20.Nc3 b6 21.Ba3 e4 22.dxe4 Nd4
23.Qd1 Nxf3+ 24.Qxf3 Qxh2+ 25.Kf1 Bc6 26.Nd5 Rf7 27.Qh3 Qxh3 28.gxh3 fxe4
29.Bxe4 Bd6 30.b4 Bg3 31.Ra2 Nd6 32.b5 Bd7 33.Kg2 Nxe4 34.Rxe4 Bf5 35.Re7 Rxe7
36.Nxe7 Bd3 37.Kxg3 Bxc4 38.Rb2 Rd8 39.Rb4 Bf1 40.Bb2 h6 41.Rg4 Rd3+ 42.f3 Rd2
43.Bxg7+ Kh7 44.Kf4 h5 45.Rg5 Rg2 46.Rxg2 Bxg2 47.Bd4 Bf1 48.Nc8 Bxb5 49.Nxa7 Bd7
50.h4 b5 51.Ke4  1-0

[Event "86th ch-Paris IdF"]
[Site "Paris FRA"]
[Date "2011.07.08"]
[Round "7.4"]
[White "Battaglini,G"]
[Black "Felgaer,R"]
[Result "1/2-1/2"]
[WhiteElo "2407"]
[BlackElo "2573"]

1.e4 c5 2.c3 Nf6 3.e5 Nd5 4.d4 cxd4 5.cxd4 d6 6.f4 Nc6 7.Nc3 dxe5 8.fxe5 Bf5
9.a3 e6 10.Nf3 Be7 11.Bd3 Bg6 12.Bxg6 hxg6 13.O-O Qd7 14.Ne4 f6 15.b4 b6
16.Bd2 Rc8 17.Rc1 Nd8 18.Rxc8 Qxc8 19.Qb1 f5 20.Nd6+ Bxd6 21.exd6 Qd7 22.Ne5 Qxd6
23.Qc2 Ne7 24.Qc4 Ndc6 25.Bg5 Nxe5 26.dxe5 Qxe5 27.Bf4 Qd5 28.Qc7 Qd7 29.Rc1 Rh4
30.Qxd7+ Kxd7 31.Rc7+ Kd8 32.Rxe7 Rxf4 33.Rxa7 Rd4 34.Rxg7 Rd1+ 35.Kf2  1/2-1/2

[Event "XXVI Tadeusza Gniota"]
[Site "Police POL"]
[Date "2011.07.08"]
[Round "4.1"]
[White "Vysochin,S"]
[Black "Aliavdin,N"]
[Result "1-0"]
[WhiteElo "2552"]
[BlackElo "2392"]

1.e4 c5 2.c3 Nf6 3.e5 Nd5 4.Nf3 Nc6 5.Bc4 Nb6 6.Bb3 d5 7.exd6 c4 8.Bc2 e5
9.O-O Be6 10.Re1 Bxd6 11.d4 cxd3 12.Qxd3 Bc7 13.Qe2 f6 14.Nh4 g6 15.Na3 a6
16.Bh6 Qe7 17.Rad1 Rd8 18.Bd3 Kf7 19.Qc2 Rhg8 20.h3 Bxa2 21.f4 Bd5 22.b4 e4
23.Qb1 Rge8 24.Nc2 Kg8 25.Ne3 Bf7 26.Ng4 Bd5 27.Bxe4 Bxe4 28.Rxe4 Qf7 29.Rxe8+ Rxe8
30.Bg5 Kf8 31.Nxf6 Re6 32.f5 gxf5 33.Qxf5 Re5 34.Nxh7+ Kg8 35.Nf6+ Kf8 36.Ng6+  1-0

[Event "3rd Magic Valley"]
[Site "Rodatychi UKR"]
[Date "2011.07.08"]
[Round "5"]
[White "Molkova,O"]
[Black "Grekh,A"]
[Result "1-0"]
[WhiteElo "2133"]
[BlackElo "2378"]

1.e4 c5 2.c3 Nf6 3.e5 Nd5 4.Nf3 Nc6 5.d4 cxd4 6.cxd4 d6 7.Bc4 dxe5 8.dxe5 Ndb4
9.Qxd8+ Nxd8 10.Na3 Be6 11.Ke2 Bxc4+ 12.Nxc4 Rc8 13.b3 b5 14.Ne3 Ne6 15.g3 g6
16.Rd1 Bg7 17.a4 bxa4 18.Rxa4 Nc6 19.Ba3 Rb8 20.Rc1 Ned8 21.Nd5 Rb7 22.Ra6 Rd7
23.Rd1 Rb7 24.Rc1 Nb8 25.Ra4 Ndc6 26.Nd4 Nxe5 27.Rxa7  1-0

[Event "SPA Open A"]
[Site "Amsterdam NED"]
[Date "2011.07.09"]
[Round "1"]
[White "Van der Lende,I"]
[Black "Riemersma,L"]
[Result "0-1"]
[WhiteElo "2141"]
[BlackElo "2416"]

1.e4 c5 2.c3 Nf6 3.e5 Nd5 4.d4 cxd4 5.Nf3 e6 6.cxd4 d6 7.Bc4 Nc6 8.O-O Be7
9.exd6 Qxd6 10.Nc3 O-O 11.Re1 Rd8 12.Ne4 Qc7 13.Bd3 b6 14.Nfg5 g6 15.Qf3 Bf8
16.Qh3 h5 17.Nxf7 Qxf7 18.Ng5 Qf6 19.Qh4 Nxd4 20.g4 Nf4 21.Be4 Rd5 22.Bxd5 exd5
23.gxh5 Qxg5+ 24.Qxg5 Nh3+ 25.Kg2 Nxg5 26.Bxg5 Nc2 27.hxg6 Nxa1 28.Rxa1 Bf5
29.h4 Bxg6 30.Rd1 Rc8 31.Kg3 Bd6+ 32.Bf4 Bxf4+ 33.Kxf4 Be4 34.Rd2 Rf8+ 35.Ke5 Kf7
36.h5 Ke7 37.h6 Rf5+ 38.Kd4 Rh5 39.Re2 Kd6 40.f3 Bxf3 41.Rf2 Rh4+ 42.Ke3 Be4
43.Kd4  0-1

[Event "10th Condom GM"]
[Site "Condom FRA"]
[Date "2011.07.09"]
[Round "1"]
[White "Janev,E"]
[Black "Lagarde,Max"]
[Result "0-1"]
[WhiteElo "2528"]
[BlackElo "2433"]

1.e4 c5 2.c3 Nf6 3.e5 Nd5 4.Nf3 e6 5.d4 cxd4 6.cxd4 d6 7.a3 Bd7 8.Bd3 Bc6
9.O-O Nd7 10.b4 a6 11.Re1 dxe5 12.dxe5 N7b6 13.Ng5 Qd7 14.Qh5 g6 15.Qh3 O-O-O
16.Bf1 Bg7 17.Qg3 Ne7 18.a4 Nxa4 19.Rxa4 Bxa4 20.Nxf7 Nf5 21.Qc3+ Kb8 22.Nxh8 Rxh8
23.Na3 Rc8 24.Qb2 Qd4 25.b5 axb5 26.Nxb5 Qxb2 27.Bxb2 Bf8 28.Rc1 Rxc1 29.Bxc1 Bc5
30.Bc4 Bxb5 31.Bxb5 Nd4 32.Bd3 Nc6 33.Bc4 Nxe5 34.Bxe6 Nd3 35.Bh6 Nxf2 36.Kf1 Kc7
37.Ke2 Ne4 38.g4 Be7 39.Bf4+ Bd6 40.Bh6 Bxh2 41.Kf3 Kd6 42.Ba2 Nf6 43.Bf8+ Kd7
44.g5 Ke8 45.Bb4 Nd7 46.Bd5 Ne5+ 47.Ke2 Nf7 48.Bd2 b6 49.Be3 Bd6 50.Kf3 Bc5
51.Bf4 b5 52.Bb3 b4 53.Bc1 Kf8 54.Bf4 Kg7 55.Bd2 Be7 56.Kg4 Ne5+ 57.Kg3 Nf7
58.Kg4 Bxg5 59.Bxg5 Nxg5 60.Kxg5 h6+ 61.Kf4 Kf6 62.Ke4 h5 63.Bd1 h4 64.Kf4 g5+
65.Ke4 Ke6 66.Kd4  0-1

[Event "Oberwart Open"]
[Site "Oberwart AUT"]
[Date "2011.07.09"]
[Round "1.33"]
[White "Langwieser,A"]
[Black "Pergel,L"]
[Result "1/2-1/2"]
[WhiteElo "1989"]
[BlackElo "2258"]

1.e4 c5 2.c3 Nf6 3.e5 Nd5 4.Nf3 e6 5.Bc4 Nb6 6.Bb3 d6 7.exd6 Bxd6 8.d4 Bd7
9.O-O Qc7 10.Qe2 c4 11.Bc2 Bc6 12.Nbd2 Bd5 13.Ne4 Be7 14.g3 N8d7 15.Bf4 Qc6
16.Rfe1 O-O-O 17.Ned2 h6 18.Ne5 Nxe5 19.dxe5 g5 20.Be3 h5 21.Bd4 h4 22.g4 Kb8
23.b3 h3 24.Ne4 Nd7 25.Qe3 b6 26.f3 Rhf8 27.bxc4 Bxc4 28.Bb3 Bxb3  1/2-1/2

[Event "66th OCF Oklahoma Open"]
[Site "Oklahoma City USA"]
[Date "2011.07.09"]
[Round "3.2"]
[White "Orton,W"]
[Black "Galant,S"]
[Result "1/2-1/2"]
[WhiteElo "2139"]
[BlackElo "2148"]

1.e4 c5 2.c3 Nf6 3.e5 Nd5 4.d4 cxd4 5.cxd4 e6 6.Nf3 d6 7.a3 Nc6 8.Bd3 Qc7
9.O-O Bd7 10.Re1 dxe5 11.dxe5 Be7 12.Bd2 f6 13.exf6 gxf6 14.Nc3 O-O 15.Nxd5 exd5
16.Qc2 Rf7 17.Bf5 Qc8 18.Bxd7 Qxd7 19.Qd3 Rg7 20.Rad1 Kh8 21.g3 d4 22.Bf4 Qg4
23.Kh1 Bc5 24.Nh4 Re7 25.Rxe7 Nxe7 26.Re1 Ng6 27.Nxg6+ hxg6 28.f3 Qh5 29.g4 Qd5
30.g5 Kh7 31.gxf6 Bd6 32.Bxd6 Qxd6 33.Re7+ Kh6 34.Qd2+ g5 35.Qd3 Rh8 36.Qf5 Qf4
37.Qxf4 gxf4 38.Rd7 Rf8 39.Rxd4 Rxf6 40.Rd7 Rb6 41.b4 a5 42.bxa5 Rb3 43.Kg2 Rxa3
44.Rxb7 Rxa5 45.Kh3 Rh5+ 46.Kg4 Rxh2 47.Kxf4 Kg6  1/2-1/2

[Event "ch-Central Serbia Int Open A"]
[Site "Paracin SRB"]
[Date "2011.07.09"]
[Round "3.18"]
[White "Rotoni,M"]
[Black "Pavlov,S2"]
[Result "0-1"]
[WhiteElo "2180"]
[BlackElo "2505"]

1.e4 c5 2.c3 Nf6 3.e5 Nd5 4.d4 cxd4 5.cxd4 d6 6.Nf3 Nc6 7.Bc4 dxe5 8.dxe5 Ndb4
9.a3 Qxd1+ 10.Kxd1 Na6 11.h3 Nc5 12.Ke2 Be6 13.Bxe6 Nxe6 14.Be3 g6 15.Re1 Bg7
16.Kf1 Bxe5 17.Bxa7 Bxb2 18.Ra2 Bf6 19.Bb6 O-O 20.Rd1 Rfc8 21.a4 Ra6 22.Be3 Rca8
23.Bh6 Rxa4 24.Rxa4 Rxa4 25.Rd7 Rb4 26.Nbd2 Bg7  0-1

[Event "XXVI Tadeusza Gniota"]
[Site "Police POL"]
[Date "2011.07.09"]
[Round "5.11"]
[White "Shilov,S"]
[Black "Jacek,K"]
[Result "0-1"]
[WhiteElo "2255"]
[BlackElo "2111"]

1.e4 c5 2.c3 Nf6 3.e5 Nd5 4.d4 cxd4 5.Qxd4 e6 6.Nf3 Nc6 7.Qe4 f5 8.exf6 Nxf6
9.Qh4 d5 10.Bd3 Bd6 11.Bg6+ Ke7 12.Bd3 h6 13.Qa4 e5 14.Be2 Kf7 15.O-O Rf8
16.Qd1 Kg8 17.b4 e4 18.Nd4 Ne5 19.h3 Qe8 20.Kh1 Ng6 21.Na3 Bxh3 22.gxh3 Qe5
23.f4 exf3 24.Nxf3 Qg3 25.Qd4 Qxh3+ 26.Kg1 Qg3+ 27.Kh1 Qh3+ 28.Kg1 Rae8 29.Qf2 Ng4
30.Qg2 Qxg2+ 31.Kxg2 Rxe2+ 32.Kh3 h5  0-1

[Event "Lev Polugaevsky Mem"]
[Site "Samara RUS"]
[Date "2011.07.09"]
[Round "5"]
[White "Potapov,P"]
[Black "Iliushkin,E"]
[Result "1-0"]
[WhiteElo "2488"]
[BlackElo "2281"]

1.e4 c5 2.c3 Nf6 3.e5 Nd5 4.Nf3 e6 5.d4 cxd4 6.cxd4 d6 7.Bc4 Nc6 8.O-O Nb6
9.Bd3 dxe5 10.dxe5 Nb4 11.Be4 Qxd1 12.Rxd1 Bd7 13.Bxb7 Nc2 14.Bxa8 Nxa8 15.Nc3 Nxa1
16.Ne1 Bc5 17.Bf4 Ke7 18.Ne4 Rc8 19.Bg5+ Ke8 20.Rxa1 h6 21.Be3 Bb4 22.Bxa7 Bc6
23.Nd3 Bxe4 24.Nxb4 Rc4 25.a3 Nc7 26.f3 Bb7 27.Be3 Nd5 28.Nxd5 Bxd5 29.Rc1 Kd7
30.Rxc4 Bxc4 31.Bc5  1-0

[Event "1st Crakow Closed GM"]
[Site "Krakow POL"]
[Date "2011.07.10"]
[Round "9.1"]
[White "Wieczorek,O"]
[Black "Kanarek,M"]
[Result "1-0"]
[WhiteElo "2374"]
[BlackElo "2435"]

1.e4 c5 2.c3 Nf6 3.e5 Nd5 4.d4 cxd4 5.Nf3 e6 6.cxd4 Nc6 7.Bc4 Nb6 8.Bb3 d5
9.exd6 Bxd6 10.O-O O-O 11.Nc3 Be7 12.a3 Nd5 13.Qd3 Nxc3 14.bxc3 b6 15.Bc2 g6
16.Bh6 Re8 17.Ba4 Bb7 18.c4 Bf6 19.Rad1 Re7 20.Qe3 Na5 21.Qf4 Rc7 22.c5 bxc5
23.dxc5 Qe7 24.Rfe1 Rxc5 25.Rd7 Rc4 26.Nd4 e5 27.Rxe7  1-0

[Event "Myrhorod Open A"]
[Site "Myrhorod UKR"]
[Date "2011.07.10"]
[Round "3.10"]
[White "Andrienko,Petr"]
[Black "Sergienko,Vladislav"]
[Result "0-1"]
[WhiteElo "2021"]
[BlackElo "2199"]

1.e4 c5 2.c3 Nf6 3.e5 Nd5 4.d4 cxd4 5.Qxd4 e6 6.Nf3 Nc6 7.Qg4 Qc7 8.Qg3 d6
9.Bb5 Bd7 10.Na3 O-O-O 11.c4 Ndb4 12.O-O dxe5 13.Be3 Nd3 14.c5 Be8 15.Rfd1 e4
16.Ng5 Qxg3 17.hxg3 Nxc5 18.Rxd8+ Kxd8 19.Rd1+ Kc8 20.b4 Nd3 21.Nxe4 Ndxb4
22.Bxa7 Be7 23.Be3 Nd5 24.Nc4 Kc7 25.Bc1 Bd7 26.g4 f6 27.a4 h5 28.gxh5 Rxh5
29.g4 Rh8 30.Kg2 Be8 31.f4 Bf7 32.Kg3 Na7 33.Bb2 Nxb5 34.axb5 Rd8 35.Rc1 Kd7
36.g5 Ke8 37.gxf6 gxf6 38.Na5 Rb8 39.Bd4 Bg6 40.Nc3 Nxc3 41.Bxc3 Bd3 42.b6 Be4
43.Nc4 Kf7 44.Bd4 Rd8 45.Be3 Bd5 46.Kf2 Ra8 47.Rc2 Rh8 48.Kg3 Rg8+ 49.Kh3 Kg7
50.Rc1 Rc8 51.Rg1+ Kf7 52.Nd2 Rh8+ 53.Kg3 Rg8+ 54.Kf2 Rxg1 55.Kxg1 Ke8 56.Kf2 Kd7
57.Bd4 Kc6 58.Kg3 f5 59.Nf3 Bxf3 60.Kxf3 Bc5 61.Ke3 Kxb6  0-1

[Event "Myrhorod Open A"]
[Site "Myrhorod UKR"]
[Date "2011.07.11"]
[Round "5.10"]
[White "Andrienko,Petr"]
[Black "Nikolaev,L"]
[Result "1-0"]
[WhiteElo "2021"]
[BlackElo "2342"]

1.e4 c5 2.c3 Nf6 3.e5 Nd5 4.d4 cxd4 5.cxd4 d6 6.exd6 Qxd6 7.Nf3 Nc6 8.Nc3 Bg4
9.Be2 e6 10.O-O Be7 11.h3 Bh5 12.Qb3 O-O 13.Nxd5 Qxd5 14.Qxd5 exd5 15.Be3 Bf6
16.g4 Bg6 17.g5 Bd8 18.Nh4 Bb6 19.Nxg6 fxg6 20.Rfd1 Ne7 21.Bg4 Nf5 22.Rac1 Rae8
23.Rd3 Rf7 24.a4 Nd6 25.a5 Bxa5 26.Rc5 Bb6 27.Rxd5 Nf5 28.Re5 Kf8 29.Bd2 Rd8
30.Bb4+ Kg8 31.d5 h5 32.Bxf5 gxf5 33.Be7 Rd7 34.d6 g6 35.Kf1 f4 36.Ke2 Bd8
37.Bxd8 Rxd8 38.Kf3 Rfd7 39.Re6 Kg7 40.Ke4 Rf7 41.Rc3 b5 42.Rc7 Rdd7 43.Re7  1-0

[Event "8th South Wales Int"]
[Site "Penarth WLS"]
[Date "2011.07.11"]
[Round "4.6"]
[White "Ralphs,Nigel"]
[Black "Petrov,Marij"]
[Result "0-1"]
[WhiteElo "1922"]
[BlackElo "2534"]

1.e4 c5 2.c3 Nf6 3.e5 Nd5 4.Nf3 e6 5.d4 cxd4 6.cxd4 d6 7.a3 Bd7 8.Bd3 Bc6
9.O-O Nd7 10.Re1 Rc8 11.Bd2 Be7 12.Nc3 Nxc3 13.Bxc3 dxe5 14.Nxe5 Nxe5 15.dxe5 Bc5
16.Qe2 Qh4 17.b4 Bb6 18.Rac1 O-O 19.g3 Qh3 20.Be4 Rfd8 21.Bxc6 Rxc6 22.Bd2 Rxc1
23.Bxc1 Qf5 24.Be3 Qxe5 25.Bxb6 Qxe2 26.Rxe2 axb6 27.Rc2 g5 28.Rc7 Rb8 29.f4 g4
30.Kg2 h5 31.h3 Kg7 32.hxg4 hxg4 33.b5 Kg6 34.a4 f6 35.Kf2 Kf5 36.Kg2 Ke4
37.Rf7 Rc8 38.Rxf6 Rc2+ 39.Kf1 Kf3 40.Ke1 Re2+ 41.Kf1 Re4 42.f5 exf5 43.Rxf5+ Kxg3
44.Rd5 Rxa4 45.Rd3+ Kh2 46.Rd2+ Kh3 47.Rd7 Rb4 48.Rh7+ Kg3 49.Rxb7 Rxb5  0-1

[Event "XX Adolf Anderssen Memorial Open"]
[Site "Wroclaw POL"]
[Date "2011.07.11"]
[Round "1"]
[White "Dzieczkaniec,P"]
[Black "Macieja,B"]
[Result "0-1"]
[WhiteElo "1972"]
[BlackElo "2612"]

1.e4 c5 2.c3 Nf6 3.e5 Nd5 4.Nf3 Nc6 5.d4 cxd4 6.cxd4 d6 7.exd6 e6 8.Nc3 Nxc3
9.bxc3 Bxd6 10.Bd3 Be7 11.O-O O-O 12.Qc2 g6 13.Bh6 Re8 14.Rad1 b6 15.Be4 Bb7
16.d5 exd5 17.Bxd5 Qc7 18.Bxf7+ Kxf7 19.Qb3+ Kf6 20.Ng5 Bf8 21.Bxf8 Kxg5
22.Bd6 Qc8 23.Qd5+ Kf6 24.Rd3 Kg7 25.Rf3 Qe6 26.Bf8+ Kg8 27.Qg5 Rxf8 28.Re3 Qf5
29.Qh4 Rae8 30.Rh3 Rf7 31.Rf3 Qe4 32.Qg3 Qf5 33.Qc7 Ree7 34.Qd6 Qxf3  0-1

[Event "XX Adolf Anderssen Memorial Open"]
[Site "Wroclaw POL"]
[Date "2011.07.11"]
[Round "7"]
[White "Kowalczyk,R"]
[Black "Dworakowska,J"]
[Result "0-1"]
[WhiteElo "2085"]
[BlackElo "2306"]

1.e4 c5 2.c3 Nf6 3.e5 Nd5 4.d4 cxd4 5.Nf3 e6 6.cxd4 d6 7.Nc3 Nxc3 8.bxc3 Nc6
9.exd6 Bxd6 10.Bd3 Qc7 11.O-O Na5 12.Bd2 Bd7 13.Qe2 Bf4 14.Bxf4 Qxf4 15.Ne5 Rd8
16.Qh5 Nc6 17.Nxd7 Rxd7 18.Rfe1 g6 19.Qc5 Qd6 20.Qg5 O-O 21.Re3 Qe7 22.Qh6 Qf6
23.Rae1 a6 24.h4 Rd5 25.Rf3 Qg7 26.Qf4 Rh5 27.a4 e5 28.Qg3 exd4 29.cxd4 Qxd4
30.Rf4 Qc3 31.Re3 Qg7 32.Bc4 Re5 33.Ref3 Re1+ 34.Kh2 Qa1 35.Qg5 Ne5 36.Rxf7 Rxf7
37.Qd8+ Kg7 38.Bxf7 Nxf3+ 39.Kg3 Qe5+ 40.Kxf3 Qf5+ 41.Kg3 Qxf7 42.Qd4+ Kg8  0-1

[Event "8th South Wales Int"]
[Site "Penarth WLS"]
[Date "2011.07.12"]
[Round "6.3"]
[White "Waterfield,J"]
[Black "Wells,P"]
[Result "0-1"]
[WhiteElo "1992"]
[BlackElo "2489"]

1.e4 c5 2.c3 Nf6 3.e5 Nd5 4.Bc4 Nb6 5.Bb3 c4 6.Bc2 Nc6 7.Nf3 Qc7 8.Qe2 g5
9.e6 dxe6 10.Nxg5 Qe5 11.d4 cxd3 12.Bxd3 Qxe2+ 13.Bxe2 h6 14.Ne4 f5 15.Bh5+ Kd8
16.Nc5 e5 17.Bf7 e6 18.Nxe6+ Ke7 19.Nc7 Kxf7 20.Nxa8 Nxa8 21.f4 Bc5 22.b4 Nxb4
23.cxb4 Bd4  0-1

[Event "3rd International Open"]
[Site "Rethymno GRE"]
[Date "2011.07.12"]
[Round "3"]
[White "Kryvoruchko,Y"]
[Black "Videnova,I"]
[Result "1-0"]
[WhiteElo "2652"]
[BlackElo "2353"]

1.e4 c5 2.c3 Nf6 3.e5 Nd5 4.Nf3 e6 5.d4 cxd4 6.cxd4 d6 7.Bd2 Nc6 8.Bc4 Nb6
9.Bb3 dxe5 10.dxe5 Nd4 11.Nxd4 Qxd4 12.O-O Qxe5 13.Re1 Qd6 14.Nc3 Be7 15.Ne4 Qd8
16.Qg4 O-O 17.Bc3 g6 18.Qf3 f5 19.Rad1 Qc7 20.Ng3 Bf6 21.Bxf6 Rxf6 22.Ne4 Rf8
23.Ng5 Re8 24.h4 Rb8 25.h5 Nc4 26.hxg6 hxg6 27.Bxc4 Qxc4 28.Qg3 Ra8 29.Qh2  1-0

[Event "3rd Magic Valley"]
[Site "Rodatychi UKR"]
[Date "2011.07.12"]
[Round "9"]
[White "Molkova,O"]
[Black "Mirzoev,E"]
[Result "1/2-1/2"]
[WhiteElo "2133"]
[BlackElo "2138"]

1.e4 c5 2.c3 Nf6 3.e5 Nd5 4.Nf3 e6 5.d4 cxd4 6.cxd4 d6 7.Nc3 Nxc3 8.bxc3 Nc6
9.Bd3 dxe5 10.dxe5 Be7 11.Qe2 O-O 12.Qe4 g6 13.Bh6 Re8 14.h4 Qd5 15.Qe2 Rd8
16.Rd1 Qc5 17.Rc1 Qd5 18.Rd1 Qa5 19.Rc1 Ba3 20.Rc2 Rd5 21.Bf4 Qa4 22.g3 b6
23.h5 Rxd3 24.hxg6 hxg6 25.Qxd3 Ba6 26.Qd1 Qe4+ 27.Be3 Rd8 28.Rd2 Rxd2 29.Kxd2 Na5
30.Rh4 Qd3+ 31.Ke1 Qf1+ 32.Kd2 Qd3+ 33.Ke1 Qf1+  1/2-1/2

[Event "Lev Polugaevsky Mem"]
[Site "Samara RUS"]
[Date "2011.07.12"]
[Round "8"]
[White "Zasypkina,E"]
[Black "Zubkov,A"]
[Result "1/2-1/2"]
[WhiteElo "1874"]
[BlackElo "2118"]

1.e4 c5 2.c3 Nf6 3.e5 Nd5 4.d4 cxd4 5.Nf3 Nc6 6.Bc4 Nb6 7.Bb3 d5 8.exd6 Qxd6
9.O-O Be6 10.Bxe6 Qxe6 11.Nxd4 Nxd4 12.Qxd4 Rd8 13.Qf4 Qc4 14.Na3 Qxf4 15.Bxf4 Nd5
16.Bg3 e6 17.Nc2 Bd6 18.Bxd6 Rxd6 19.c4 Nf6 20.Rad1 Ke7 21.Rxd6 Kxd6 22.b4 Kc7
23.Rd1 Nd7 24.Nd4 a6 25.a4 Ne5 26.Nb3 Nxc4 27.Rc1 b5 28.axb5 axb5 29.Na5 Kb8
30.Nxc4 Rc8 31.Kf1 bxc4 32.Ke2 Kb7 33.Kd2 Kb6 34.Ra1 c3+ 35.Kc2 Rc7 36.Ra3 Kb5
37.Rxc3 Rc4 38.Kd3 Rxb4 39.Rc7 Rf4 40.Ke3 Rf5 41.f4 Kb6 42.Rc8 g5 43.fxg5 Rxg5
44.g3 h5 45.Rf8 Rf5 46.Rc8 Kb7 47.Rc4 Kb6 48.Rc8 Re5+ 49.Kd4 Rd5+ 50.Ke3 Re5+
51.Kd4 Kb7 52.Rc2 Rf5 53.Ke3 f6 54.Rc4 Kb6 55.Re4 e5 56.Rc4 Kb5 57.Rc2 Rf1
58.Rc8  1/2-1/2

[Event "Lev Polugaevsky Mem"]
[Site "Samara RUS"]
[Date "2011.07.12"]
[Round "8"]
[White "Natacheev,P"]
[Black "Potapov,P"]
[Result "0-1"]
[WhiteElo "2216"]
[BlackElo "2488"]

1.e4 c5 2.c3 Nf6 3.e5 Nd5 4.d4 cxd4 5.cxd4 g6 6.Nf3 Nc6 7.Bc4 Nb6 8.Bb3 Bg7
9.O-O O-O 10.Nc3 d6 11.exd6 Qxd6 12.Ne4 Qd8 13.d5 Na5 14.d6 Nxb3 15.axb3 Bf5
16.Nc5 Qxd6 17.Qxd6 exd6 18.Nxb7 d5 19.Be3 Bxb2 20.Ra2 Bf6 21.Nd4 Bc8 22.Nc5 Re8
23.Nb5 Re7 24.Na6 Bf5 25.Nac7 Rd8 26.Bc5 Red7 27.Rxa7 Nc8 28.Ra8 d4 29.Re1 d3
30.Ne8 Bg5 31.f4 d2 32.Rd1 Rxe8 33.fxg5 Bg4 34.Nc3 Bxd1 35.Nxd1 Rc7  0-1

[Event "Myrhorod Open A"]
[Site "Myrhorod UKR"]
[Date "2011.07.13"]
[Round "7.34"]
[White "Agudova,O"]
[Black "Romaniv,M"]
[Result "1-0"]
[WhiteElo "1992"]
[BlackElo "1984"]

1.e4 c5 2.c3 Nf6 3.e5 Nd5 4.d4 e6 5.Nf3 Nc6 6.Bc4 Nb6 7.Bb3 Qc7 8.O-O d5
9.exd6 Bxd6 10.h3 Bd7 11.Re1 O-O-O 12.a4 Nd5 13.Na3 a6 14.Nc4 Bf4 15.dxc5 Nce7
16.Nd6+ Kb8 17.Nxf7 Qxc5 18.Nxh8 Rxh8 19.Bxf4+ Nxf4 20.Qxd7 Nc6 21.Qd2 g5
22.Qe3 Qf8 23.Rad1 h5 24.Ne5  1-0

[Event "Najdorf Memorial"]
[Site "Warsaw POL"]
[Date "2011.07.13"]
[Round "1"]
[White "Zaninotto,F"]
[Black "Swiercz,D"]
[Result "0-1"]
[WhiteElo "2203"]
[BlackElo "2553"]

1.e4 c5 2.c3 Nf6 3.e5 Nd5 4.d4 cxd4 5.Nf3 e6 6.cxd4 d6 7.Bc4 Nc6 8.O-O Nb6
9.Bb3 Be7 10.Nc3 d5 11.a3 Bd7 12.Bc2 Rc8 13.Qd3 a6 14.b3 Na7 15.Bb2 g6 16.Qd2 O-O
17.Bd3 Nc6 18.Ne2 f6 19.exf6 Bxf6 20.Ne5 Be8 21.Rac1 Nd7 22.Nxc6 Rxc6 23.Rxc6 bxc6
24.Rc1 e5 25.Rxc6 e4 26.Bxa6 Nb8 27.Rc8 Qb6 28.Nf4 Bg5 29.Nxd5 Bxd2 30.Nxb6 Nxa6
31.Nc4 Be1 32.Kf1 Bxf2 33.Rxe8 Rxe8 34.Kxf2 Nc7 35.Ne3 Kf7 36.Ke2 Ke6 37.Nc4 Nd5
38.g3 Rb8 39.Nd2 Kf5 40.b4 Rc8  0-1

[Event "10th Condom Open A"]
[Site "Condom FRA"]
[Date "2011.07.14"]
[Round "7.10"]
[White "Michiels,R"]
[Black "Lewis,Jo"]
[Result "1/2-1/2"]
[WhiteElo "2283"]
[BlackElo "2107"]

1.e4 c5 2.c3 Nf6 3.e5 Nd5 4.d4 cxd4 5.Qxd4 e6 6.Bc4 Nc6 7.Qe4 d6 8.Nf3 dxe5
9.Nxe5 Nxe5 10.Qxe5 Qc7 11.Qxc7 Nxc7 12.Bf4 Nd5 13.Bxd5 exd5 14.O-O Bc5 15.Re1+ Be6
16.Nd2 O-O 17.Nb3 Bb6 18.Be3 Bc7 19.Rad1 a6 20.Rd2 Rfe8 21.Nc5 Rab8 22.a3 Bd6
23.Nd3 Rbd8 24.Bf4 Bf5 25.Be3 Bxd3 26.Rxd3 Bc5 27.Red1 Bxe3 28.fxe3 g6 29.Kf2 Re5
30.c4 Rc8 31.Rxd5 Rxd5 32.cxd5 Kf8 33.Rd2 f5 34.g4 Ke7 35.gxf5 gxf5 36.Kf3 Rc4
37.d6+ Kd7 38.Rd3 Rh4 39.Rd2 b6 40.Kg3 Rg4+ 41.Kf3 Rh4 42.b4 b5 43.Rd4 Rxd4
44.exd4 Kxd6 45.Kf4 Kd5 46.Kxf5 Kxd4 47.Kg5 Kc3 48.Kh6 Kb3 49.Kxh7 Kxa3 50.Kg8 Kxb4
51.h4 Ka3 52.h5 b4 53.h6 b3 54.h7 b2 55.h8=Q b1=Q 56.Qe5 Qb3+ 57.Kh7 Qb7+
58.Kg8 Qc8+ 59.Kh7 Qd7+ 60.Kg8 Qd8+ 61.Kh7 a5 62.Qc3+ Ka4  1/2-1/2

[Event "TCh-Euro Open Girls"]
[Site "Iasi ROU"]
[Date "2011.07.15"]
[Round "1.4"]
[White "Krumova,A"]
[Black "Kolaric,S"]
[Result "1/2-1/2"]
[WhiteElo "1961"]
[BlackElo "2045"]

1.e4 c5 2.c3 Nf6 3.e5 Nd5 4.d4 cxd4 5.Nf3 e6 6.cxd4 d6 7.a3 Be7 8.Bd3 Qc7
9.O-O O-O 10.Qe2 Nc6 11.Qe4 f5 12.exf6 Nxf6 13.Qh4 e5 14.dxe5 Nxe5 15.Nxe5 dxe5
16.Bg5 h6 17.Bxf6 Rxf6 18.Nc3 Be6 19.Qe4 Bf5 20.Qd5+ Be6 21.Qe4 Bf5 22.Bc4+ Kh8
23.Qe2 Rc8 24.Bb3 Rg6 25.Nd5 Qd6 26.Kh1 Bf6 27.Rac1 Rc6 28.Rfd1 Qb8 29.Ne3 Be6
30.Rxc6 Bxb3 31.Rcc1 Bxd1 32.Qxd1 Bg5 33.Qd7 Rc6 34.Rxc6 bxc6 35.Nf5 Qf8
36.f3 g6 37.Nd6 Be7 38.Nc8 Qf4 39.Qe8+ Bf8 40.Qxc6 Qd2 41.h3 Qxb2 42.Qf6+ Bg7
43.Qd8+ Kh7 44.Ne7 Qc1+ 45.Kh2 Qf4+ 46.g3 Qf8 47.Qxf8 Bxf8 48.Nc6 Bxa3 49.Nxa7 Kg7
50.Nc6  1/2-1/2